CARACTERISTICAS GENERALES DE LA ECONOMIA DEL QUESO EN ALGUNOS PAISES DESARROLLADOS /

Guardado en:
Detalles Bibliográficos
Autor corporativo: FAO
Formato: Libro
Colección:SERIE SOBRE PRODUCTOS ; 41
Temas:
Etiquetas: Agrega una etiqueta
Sin etiquetas, Sé el primero en etiquetar este registro!

MARC

LEADER 00000nam^a2200000^a^4500
001 000233544
005 20250521000000.0
009 20260310104650.55
035 |a 052863 
037 |a Acervo Xavier Clavigero 
082 |a 338. 19  |b CAR 
110 |a FAO 
245 1 0 |a CARACTERISTICAS GENERALES DE LA ECONOMIA DEL QUESO EN ALGUNOS PAISES DESARROLLADOS /  |c ORGANIZACION DE LAS NACIONES UNIDAS PARA LA AGRICULTURA Y LA ALIMENTACION 
264 |a ROMA :  |b FAO,  |c 1966 
300 |a 175 p. 
336 |a texto  |b txt  |2 rdacontenido 
337 |a sin mediación  |b n  |2 rdamedio 
338 |a volumen  |b nc  |2 rdasoporte 
440 |a SERIE SOBRE PRODUCTOS ;  |v 41 
649 |a XX 
650 |a Lácteos -  |x Industria y Comercio 
650 |a QUESO. 
710 |a FAO 
910 |a Fondo General 
920 |a Impresos - Libros 
930 |a Colección General 
905 |a 101 
901 |a 052863  |b IT1  |c ACC  |i 052863  |u 20250521 
902 |a https://opac.biblio.iteso.mx/vufind/Record/000233544